[Event "MNE-ch (Women)"]
[Site "Podgorica"]
[Date "2023.11.29"]
[Round "1"]
[White "Maras, Marija Mia"]
[Black "Mosurovic, Milena"]
[Result "0-1"]
[WhiteElo "1108"]
[BlackElo "1581"]
[PlyCount "118"]
[EventDate "2023.11.29"]
[EventType "swiss"]
[EventRounds "7"]
[EventCountry "MNE"]
[SourceTitle "CB50_2023"]
[SourceDate "2023.12.13"]
[SourceVersion "1"]
[SourceVersionDate "2023.12.13"]
[SourceQuality "1"]

1. c4 e6 2. Nc3 d5 3. cxd5 exd5 4. Nf3 Nf6 5. g3 Be7 6. Bg2 0-0 7. 0-0 c6 8. d4 Re8 9. Bf4 Bf5 10. Re1 Ne4 11. Nd2 Nxc3 12. bxc3 Qa5 13. Qb3 Nd7 14. Qxb7 Qxc3 15. Rec1 Qxd4 16. Qxc6 Ba3 17. Nb3 Qf6 18. Qxf6 Nxf6 19. Rc3 Bb2 20. Rcc1 Bxa1 21. Rxa1 Rxe2 22. Nd4 Bd3 23. Nxe2 Bxe2 24. Bg5 Ne4 25. Re1 Bd3 26. Rd1 Bc4 27. Bxe4 dxe4 28. Be3 h6 29. a3 Be2 30. Rd7 Bf3 31. Rc7 Rb8 32. Rc1 a5 33. Bd2 a4 34. Bb4 g5 35. h3 Kh7 36. g4 Rd8 37. Kh2 h5 38. gxh5 Bxh5 39. Be7 Rd2 40. Kg1 Rd3 41. Kg2 e3 42. fxe3 Rxe3 43. Bb4 Bg6 44. Re1 Rd3 45. Re5 f6 46. Ra5 Be4+ 47. Kh2 f5 48. Rxa4 f4 49. Ra7+ Kg6 50. a4 Bf5 51. Ra6+ Kh5 52. Ra8 Rxh3+ 53. Kg2 Rb3 54. Rb8 Kg4 55. Kf2 Rb2+ 56. Kg1 f3 57. Bd6 Rc2 58. Rb4+ Kh5 59. Bg3 Rg2+ 0-1

[Event "EU-chT (Women) 24th"]
[Site "Budva"]
[Date "2023.11.14"]
[Round "4.4"]
[White "Exler, Veronika"]
[Black "Mosurovic, Milena"]
[Result "1-0"]
[WhiteElo "2140"]
[BlackElo "1581"]
[PlyCount "113"]
[EventDate "2023.11.11"]
[EventType "team-swiss"]
[EventRounds "9"]
[EventCountry "MNE"]
[SourceTitle "CB47_2023"]
[SourceDate "2023.11.22"]
[SourceVersion "1"]
[SourceVersionDate "2023.11.22"]
[SourceQuality "1"]
[WhiteTeam "Austria (W)"]
[BlackTeam "Montenegro (W)"]
[WhiteTeamCountry "AUT"]
[BlackTeamCountry "MNE"]

1. d4 Nf6 2. c4 e6 3. Nc3 d5 4. cxd5 exd5 5. Bg5 c6 6. e3 Be7 7. Qc2 Nbd7 8. Bd3 h6 9. Bh4 Nh5 10. Bxe7 Qxe7 11. Nge2 Nhf6 12. 0-0 0-0 13. Ng3 Nb6 14. Rfe1 Be6 15. h3 Rfe8 16. Rad1 Rad8 17. Nce2 Nc8 18. f3 Qc7 19. b4 Nd7 20. Kh1 Nd6 21. e4 Nb6 22. e5 Ndc4 23. Ng1 Qe7 24. Bxc4 Nxc4 25. Qc3 Qg5 26. Kh2 h5 27. Qc1 Qxc1 28. Rxc1 g6 29. f4 f6 30. Nf3 Kf7 31. Re2 Rh8 32. Rce1 Rde8 33. Nh4 Rhg8 34. Rf2 Bd7 35. Ref1 Ne3 36. Re1 Nc4 37. Kg1 Kg7 38. Rfe2 fxe5 39. fxe5 Be6 40. Rf1 Rgf8 41. Ref2 Rxf2 42. Rxf2 Bf7 43. Nf3 Kh6 44. h4 Kg7 45. Ng5 Re7 46. Nf1 Be6 47. Nxe6+ Rxe6 48. Nd2 Ne3 49. Nf3 Nf5 50. Rc2 a6 51. Kf2 Re8 52. a4 Nxd4 53. Nxd4 Rxe5 54. Re2 Rxe2+ 55. Kxe2 Kf6 56. a5 Ke5 57. Ke3 1-0

[Event "World ol U16"]
[Site "Eindhoven"]
[Date "2023.08.18"]
[Round "9.16"]
[White "Mickunaite, Agne"]
[Black "Mosurovic, Milena"]
[Result "1-0"]
[WhiteElo "1673"]
[BlackElo "1651"]
[PlyCount "125"]
[EventDate "2023.08.13"]
[EventType "team-swiss"]
[EventRounds "9"]
[EventCountry "NED"]
[SourceTitle "CBM 215 Extra"]
[Source "ChessBase"]
[SourceDate "2023.09.30"]
[SourceVersion "1"]
[SourceVersionDate "2023.09.30"]
[SourceQuality "1"]
[WhiteTeam "Lithuania"]
[BlackTeam "Montenegro"]
[WhiteTeamCountry "LTU"]
[BlackTeamCountry "MNE"]

1. c4 e6 2. Nc3 d5 3. d4 Nf6 4. cxd5 exd5 5. Bg5 c6 6. e3 Be7 7. Bd3 Nbd7 8. Nge2 h6 9. Bh4 Nh5 10. Bxe7 Qxe7 11. Qd2 Nb6 12. b3 Bd7 13. 0-0 0-0 14. Rae1 Rae8 15. Kh1 Nc8 16. Ng1 Nd6 17. f3 Qh4 18. Qf2 Qxf2 19. Rxf2 f5 20. Rfe2 Re7 21. g3 Rfe8 22. Kg2 Nf6 23. Na4 g5 24. Nc5 Bc8 25. Kf2 g4 26. f4 h5 27. Bb1 b6 28. Na4 Nfe4+ 29. Bxe4 Nxe4+ 30. Kg2 h4 31. Rc2 Bd7 32. Nc3 Nf6 33. Nd1 Rh7 34. Ne2 Ne4 35. Rh1 h3+ 36. Kf1 c5 37. Nf2 Bb5 38. dxc5 Nxc5 39. Nd1 Rhe7 40. Ke1 Bxe2 41. Rxe2 d4 42. Rf1 Kf7 43. Kd2 dxe3+ 44. Rxe3 Rd7+ 45. Ke2 Ne4 46. Ke1 Red8 47. Nb2 Rd2 48. Nc4 Rxh2 49. Ne5+ Kf6 50. Rxe4 fxe4 51. Nxg4+ Kf5 52. Nxh2 e3 53. Nf3 Kg4 54. Ke2 Kxg3 55. f5 h2 56. Nxh2 Kxh2 57. Kxe3 Kg3 58. f6 Kg4 59. f7 Rf8 60. Kd4 Kg5 61. Ke5 Kg6 62. Ke6 a5 63. Ke7 1-0

[Event "World ol U16"]
[Site "Eindhoven"]
[Date "2023.08.16"]
[Round "6.23"]
[White "Bouzana, Christina"]
[Black "Mosurovic, Milena"]
[Result "1/2-1/2"]
[WhiteElo "1151"]
[BlackElo "1651"]
[PlyCount "138"]
[EventDate "2023.08.13"]
[EventType "team-swiss"]
[EventRounds "9"]
[EventCountry "NED"]
[SourceTitle "CBM 215 Extra"]
[Source "ChessBase"]
[SourceDate "2023.09.30"]
[SourceVersion "1"]
[SourceVersionDate "2023.09.30"]
[SourceQuality "1"]
[WhiteTeam "Cyprus"]
[BlackTeam "Montenegro"]
[WhiteTeamCountry "CYP"]
[BlackTeamCountry "MNE"]

1. d4 d5 2. c4 e6 3. Nc3 Nf6 4. cxd5 exd5 5. Bg5 c6 6. e3 Be7 7. Bd3 Nbd7 8. Qc2 h6 9. Bh4 Nh5 10. Bxe7 Qxe7 11. Nf3 Nhf6 12. 0-0 0-0 13. Rab1 a5 14. a3 Re8 15. b4 axb4 16. axb4 b5 17. Rfe1 Ne4 18. Nd2 Ndf6 19. f3 Nxc3 20. Qxc3 Bd7 21. e4 Ra4 22. Bc2 Ra6 23. Ra1 Rea8 24. Rxa6 Rxa6 25. Nb3 Ra3 26. exd5 Qd6 27. dxc6 Bxc6 28. Qc5 Qxc5 29. dxc5 Nd5 30. Rd1 g6 31. Ra1 Rxa1+ 32. Nxa1 Nxb4 33. Be4 Kf8 34. Bxc6 Nxc6 35. Nb3 Ke7 36. Kf2 Ke6 37. Ke3 Kd5 38. Kd3 Nb4+ 39. Kc3 Na6 40. Na5 Kxc5 41. Nb7+ Kb6 42. Nd6 f5 43. Kb3 Kc5 44. Nb7+ Kb6 45. Nd6 Nc5+ 46. Kb4 Nd3+ 47. Kc3 Ne1 48. g4 Nxf3 49. gxf5 gxf5 50. Nxf5 h5 51. h3 Kc5 52. Ng3 b4+ 53. Kb3 h4 54. Nf5 Nd4+ 55. Nxd4 Kxd4 56. Kxb4 Ke3 57. Kc3 Kf3 58. Kd3 Kg3 59. Ke3 Kg2 60. Ke2 Kg3 61. Ke3 Kh2 62. Kf2 Kxh3 63. Kf3 Kh2 64. Kf2 Kh1 65. Kf1 Kh2 66. Kf2 h3 67. Kf1 Kg3 68. Kg1 h2+ 69. Kh1 Kh3 1/2-1/2

[Event "MNT-ch 74th"]
[Site "Podgorica"]
[Date "2022.02.22"]
[Round "4"]
[White "Mosurovic, Milena"]
[Black "Koljevic, Nikolina"]
[Result "0-1"]
[WhiteElo "1482"]
[BlackElo "1967"]
[PlyCount "114"]
[EventDate "2022.02.19"]
[EventType "swiss"]
[EventRounds "9"]
[EventCountry "MNE"]
[SourceTitle "EXT 2023"]
[Source "ChessBase"]
[SourceDate "2022.10.05"]
[SourceVersion "1"]
[SourceVersionDate "2022.10.05"]
[SourceQuality "1"]

1. e4 c6 2. d4 d5 3. exd5 cxd5 4. Bd3 Nc6 5. c3 Nf6 6. Bf4 Bg4 7. Qb3 Qc8 8. Nd2 e6 9. Ngf3 Be7 10. 0-0 0-0 11. Rfe1 a6 12. h3 Bh5 13. a4 Bg6 14. Bxg6 hxg6 15. Rac1 Na5 16. Qc2 b5 17. axb5 axb5 18. Qd3 Nc4 19. b3 Nxd2 20. Nxd2 Qd7 21. Ra1 Rfc8 22. Nf3 Rxa1 23. Rxa1 Ne4 24. Ne5 Qb7 25. Bd2 Bf6 26. Nf3 Qb6 27. Qe3 Qc6 28. Rc1 Ra8 29. Ne5 Qc7 30. Nf3 Ra3 31. Rb1 Ra2 32. Be1 Qe7 33. Qd3 Qd7 34. c4 bxc4 35. bxc4 Qa4 36. cxd5 exd5 37. Rc1 Ra3 38. Qd1 Qa7 39. Ne5 Ra4 40. Nc6 Qa6 41. Qb3 Rc4 42. Rxc4 dxc4 43. Qb8+ Kh7 44. Ne5 Qe6 45. Qc7 Bxe5 46. dxe5 Qd5 47. Bb4 Qd4 48. Qxf7 c3 49. Bxc3 Nxc3 50. e6 Qd1+ 51. Kh2 Qd6+ 52. Kg1 Nd5 53. f4 Nxf4 54. e7 Qd1+ 55. Kh2 Qd2 56. Kg3 Qxg2+ 57. Kh4 g5# 0-1

[Event "MNT-ch 74th"]
[Site "Podgorica"]
[Date "2022.02.19"]
[Round "1"]
[White "Mosurovic, Milena"]
[Black "Pobor, Milo"]
[Result "0-1"]
[WhiteElo "1482"]
[BlackElo "2195"]
[PlyCount "40"]
[EventDate "2022.02.19"]
[EventType "swiss"]
[EventRounds "9"]
[EventCountry "MNE"]
[SourceTitle "EXT 2023"]
[Source "ChessBase"]
[SourceDate "2022.10.05"]
[SourceVersion "1"]
[SourceVersionDate "2022.10.05"]
[SourceQuality "1"]

1. e4 c5 2. Nc3 Nc6 3. g3 g6 4. Bg2 Bg7 5. d3 d6 6. Be3 Rb8 7. Qd2 b5 8. Nge2 b4 9. Nd1 Nd4 10. c3 Nxe2 11. Qxe2 bxc3 12. Nxc3 Qa5 13. 0-0 Nf6 14. h3 0-0 15. Rfd1 Ba6 16. Qc2 Nd7 17. d4 Rfc8 18. Nd5 Kf8 19. Bd2 Qd8 20. Bc3 cxd4 0-1

[Event "MNT-ch (Women)"]
[Site "Podgorica"]
[Date "2021.10.23"]
[Round "3"]
[White "Mosurovic, Milena"]
[Black "Ivanovic, Tara"]
[Result "0-1"]
[WhiteElo "1491"]
[BlackElo "1265"]
[PlyCount "54"]
[EventDate "2021.10.21"]
[EventType "tourn"]
[EventRounds "7"]
[EventCountry "MNE"]
[SourceTitle "EXT 2023"]
[Source "ChessBase"]
[SourceDate "2022.10.05"]
[SourceVersion "1"]
[SourceVersionDate "2022.10.05"]
[SourceQuality "1"]

1. e4 e5 2. Nf3 Nf6 3. Nxe5 d6 4. Nf3 Nxe4 5. Nc3 Nxc3 6. dxc3 Be7 7. Bf4 Nd7 8. Qd2 Nc5 9. 0-0-0 0-0 10. Kb1 Re8 11. Bd3 Nxd3 12. Qxd3 Be6 13. h4 Qd7 14. Ng5 Bf5 15. Qg3 Bf6 16. Rhe1 Qa4 17. b3 Qc6 18. Bd2 a5 19. Qf4 g6 20. g4 Be5 21. Qe3 Bxg4 22. f3 Bg3 23. Qd4 Bxe1 24. fxg4 Bxh4 25. Nh3 Qe4 26. Qg1 Bf6 27. Qf2 Qe2 0-1

[Event "MNT-ch 73rd"]
[Site "Podgorica"]
[Date "2021.05.06"]
[Round "4"]
[White "Mosurovic, Milena"]
[Black "Malisic, Miodrag"]
[Result "0-1"]
[WhiteElo "1428"]
[BlackElo "1839"]
[PlyCount "114"]
[EventDate "2021.05.03"]
[EventType "swiss"]
[EventRounds "9"]
[EventCountry "MNE"]
[SourceTitle "CBM 202 Extra"]
[Source "ChessBase"]
[SourceDate "2021.07.31"]
[SourceVersion "1"]
[SourceVersionDate "2021.07.31"]
[SourceQuality "1"]

1. e4 Nf6 2. e5 Nd5 3. d4 d6 4. c4 Nb6 5. Nf3 Nc6 6. exd6 exd6 7. Be2 g6 8. Bg5 f6 9. Be3 Bf5 10. a3 Bg7 11. Nc3 d5 12. b3 Be6 13. c5 Nd7 14. Rb1 Qe7 15. Nb5 Rc8 16. Bf4 Ndb8 17. 0-0 0-0 18. Re1 Qd7 19. Bd3 a6 20. Nc3 Rce8 21. h3 Bf7 22. Qd2 f5 23. Bh6 Rxe1+ 24. Rxe1 Re8 25. Bxg7 Kxg7 26. h4 Rxe1+ 27. Qxe1 Qe7 28. Qd2 Nd7 29. h5 Nf6 30. Qf4 Nxh5 31. Qd2 Nf6 32. Bc2 Ne4 33. Qe3 h6 34. b4 Ng5 35. Nxg5 hxg5 36. Qxe7 Nxe7 37. Kf1 Kf6 38. Ke2 g4 39. Ke3 g5 40. g3 Bg6 41. Bb3 c6 42. Bd1 Bh5 43. Bc2 Bg6 44. Bd1 Be8 45. Bc2 Bd7 46. Bd1 Ng6 47. Ne2 Ne7 48. Nc3 Kg6 49. Bc2 Kh5 50. Bd1 f4+ 51. gxf4 Nf5+ 52. Kd3 gxf4 53. Ne2 Kg5 54. Bc2 g3 55. fxg3 Nxg3 56. Nxg3 fxg3 57. Ke3 Kg4 0-1

[Event "Wch FIDE Online U14 Girls Europe qual"]
[Site "Tornelo INT"]
[Date "2020.12.07"]
[Round "2"]
[White "Mosurovic, Milena"]
[Black "Voriskova, Anna"]
[Result "0-1"]
[WhiteElo "1868"]
[BlackElo "1645"]
[PlyCount "76"]
[EventDate "2020.12.07"]
[EventType "swiss (rapid)"]
[EventRounds "7"]
[EventCountry "ISS"]
[SourceTitle "EXT 2022"]
[Source "ChessBase"]
[SourceDate "2021.10.06"]
[SourceVersion "1"]
[SourceVersionDate "2021.10.06"]
[SourceQuality "1"]

1. e4 c5 2. Nc3 Nc6 3. g3 e6 4. Bg2 g6 5. d3 Bg7 6. Be3 Nd4 7. Qd2 Ne7 8. Nd1 d6 9. c3 Ndc6 10. Bh6 0-0 11. Bxg7 Kxg7 12. Ne2 d5 13. exd5 exd5 14. 0-0 Qc7 15. d4 c4 16. Ne3 Be6 17. Nf4 Rad8 18. Rfe1 b5 19. Nc2 Bf5 20. Ne3 Be4 21. Ng4 Bxg2 22. Nxg2 Nf5 23. Ne5 Rfe8 24. f4 Nd6 25. Qd1 Ne4 26. Nh4 Qb6 27. Nxc6 Qxc6 28. f5 Qd6 29. Qf3 Rf8 30. a4 b4 31. a5 bxc3 32. bxc3 Rb8 33. Rxe4 dxe4 34. Qxe4 Rfe8 35. Qf3 Rf8 36. Rf1 Rb5 37. g4 Rb2 38. g5 Qxh2# 0-1

[Event "EU-ch Online U14 Girls"]
[Site "Tornelo INT"]
[Date "2020.09.20"]
[Round "8"]
[White "Mosurovic, Milena"]
[Black "Zubova, Darja"]
[Result "1-0"]
[WhiteElo "1868"]
[BlackElo "1399"]
[PlyCount "71"]
[EventDate "2020.09.18"]
[EventType "swiss (rapid)"]
[EventRounds "9"]
[EventCountry "NET"]
[SourceTitle "EXT 2023"]
[Source "ChessBase"]
[SourceDate "2022.10.05"]
[SourceVersion "1"]
[SourceVersionDate "2022.10.05"]
[SourceQuality "1"]
[WhiteTeam "Montenegro"]
[BlackTeam "Latvia"]
[WhiteTeamCountry "MNE"]
[BlackTeamCountry "LAT"]

1. e4 c5 2. Nc3 e6 3. g3 Nc6 4. Bg2 g6 5. d3 Bg7 6. Be3 d6 7. Qd2 Nd4 8. Nge2 Ne7 9. 0-0 0-0 10. Nd1 Nxe2+ 11. Qxe2 Bxb2 12. Nxb2 b6 13. Bh6 Re8 14. Bg5 Qc7 15. Bxe7 Qxe7 16. f4 Bb7 17. Rae1 b5 18. Rf2 Qc7 19. c3 a5 20. Qf1 f5 21. exf5 gxf5 22. Rfe2 Kf7 23. Bxb7 Qxb7 24. Qh3 Kg8 25. Rxe6 Rxe6 26. Rxe6 Rf8 27. Rxd6 Qe7 28. Rh6 Qe3+ 29. Kf1 Re8 30. Nd1 Qxd3+ 31. Kg2 Qxd1 32. Qxf5 Re2+ 33. Kh3 Qf1+ 34. Kg4 Re8 35. Qxh7+ Kf8 36. Rf6# 1-0

[Event "MNT-ch 72nd"]
[Site "Podgorica"]
[Date "2020.09.13"]
[Round "4"]
[White "Mosurovic, Milena"]
[Black "Kalezic, Bojan"]
[Result "0-1"]
[WhiteElo "1397"]
[BlackElo "1925"]
[PlyCount "60"]
[EventDate "2020.09.11"]
[EventType "swiss"]
[EventRounds "9"]
[EventCountry "MNE"]
[SourceTitle "CBM 198 Extra"]
[Source "ChessBase"]
[SourceDate "2020.11.30"]
[SourceVersion "1"]
[SourceVersionDate "2020.11.30"]
[SourceQuality "1"]

1. e4 c5 2. Nc3 Nc6 3. g3 g6 4. Bg2 Bg7 5. d3 d6 6. Be3 e6 7. Qd2 Nd4 8. Nge2 Ne7 9. 0-0 0-0 10. Nd1 Rb8 11. Nc1 e5 12. c3 Ndc6 13. Bh6 f5 14. Bxg7 Kxg7 15. f4 Be6 16. Ne2 d5 17. exf5 Bxf5 18. Ne3 d4 19. Nxf5+ Nxf5 20. Bxc6 bxc6 21. fxe5 Re8 22. cxd4 cxd4 23. Rac1 Qd7 24. Rc5 Rb5 25. Rfc1 Rxe5 26. Rxc6 Rb7 27. Nf4 Ne3 28. Qf2 Qf7 29. Ng2 Qxf2+ 30. Kxf2 Rxb2+ 0-1